000 00347nam a2200145Ia 4500
008 191201s2006 xx 000 0 und d
082 _a003.3
_bDES
100 _aDEO, Nar Singh
245 0 _aSystems Simulation with Digital Computer
250 _a9th
260 _aN.Delhi
_bPHI
_c2006
300 _a200
650 _aB.Tech(IT)
942 _2ddc
_cBK
999 _c2754
_d2754